Les 30 pays les moins visités au monde - Statistiques

Statistiques générales
  • Ce quiz a été pris 454 fois
  • Le résultat moyen est 11 sur 30
Statistiques - réponses
Indice Réponse % Correct
Environ 100000 visiteurs Corée du Nord
75%
Environ 20000 visiteurs Afghanistan
52%
Environ 2000 visiteurs Tuvalu
48%
Moins de 100 visiteurs Somalie
46%
Environ 6000 visiteurs Îles Marshall
43%
Environ 4000 visiteurs Kiribati
43%
Moins de 500 visiteurs Yémen
43%
Environ 51000 visiteurs Djibouti
42%
Environ 19000 visiteurs États fédérés de Micronésie
42%
Environ 5500 visiteurs Soudan du Sud
40%
Environ 54000 visiteurs Tonga
40%
Environ 142000 visiteurs Érythrée
39%
Environ 27000 visiteurs Îles Salomon
38%
Environ 14000 visiteurs Mali
36%
Environ 84000 visiteurs Saint-Marin
36%
Environ 80000 visiteurs Saint-Vincent-et-les-Grenadines
33%
Environ 8000 visiteurs São Tomé et Principe
33%
Environ 36000 visiteurs Comores
32%
Environ 45000 visiteurs Guinée
31%
Environ 9000 visiteurs Turkménistan
31%
Environ 6000 visiteurs Libye
30%
Environ 75000 visiteurs Timor Oriental
30%
Environ 85000 visiteurs Liechtenstein
28%
Moins de 1000 visiteurs Guinée Équatoriale
26%
Environ 45000 visiteurs Guinée-Bissau
25%
Environ 63000 visiteurs Dominique
24%
Environ 30000 visiteurs Mauritanie
24%
Environ 57000 visiteurs Sierra Leone
23%
Environ 45000 visiteurs Liberia
21%
Environ 145000 visiteurs Moldavie
13%
Aucun quiz correspondant
Distribution des résultats
% des personnes avec chaque résultat
Percentile par nombre de réponses
Votre historique - résultats
Vous n’avez pas pris ce quiz